Психология социальных отношений (Запис № 308868)

МАРК-запис
000 -Лідер
fixed length control field 00813nam a22002537a 4500
003 - Ідентифікатор контрольного номера
control field UA-OsUOA
001 - Контрольний номер
control field 22644
007 - Фіксоване поле фізичного опису
fixed length control field ta
008 - Елементи даних фіксованої довжини – загальна інформація
fixed length control field 20031223b un ||||| |||| 00| 0 ukr d
090 ## - Локальний шифр розміщення
Класифікаційний індекс УДК 159.98
Авторський знак (НП) С30
040 ## - Джерело каталогізації
Агенція оригінальної каталогізації UA-OsUOA
Мова каталогізації rus
Агенція, яка здійснювала перезапис UA-OsUOA
Агенція, яка здійснювала модифікацію UA-OsUOA
041 ## - Код мови
Код мови тексту/ звукової доріжки чи окремого заголовка (П) rus
080 ## - Індекс Універсальної десяткової класифікації
Індекс Універсальної десяткової класифікації (УДК) (НП) 159.98
020 ## - Міжнародний стандартний книжковий номер (ISBN)
Міжнародний стандартний книжковий номер (ISBN) (НП) 966-557-060-9
044 ## - Код країни видавця/ виробника
Код країни видавця/ виробника (П) UA
100 ## - Основне введення – ім’я особи
Ім’я особи (НП) Семиченко В.А.
245 ## - Відомості про назву
Назва (НП) Психология социальных отношений
Решта назви (НП) Модульный курс (лекции, практические занятия, задания для самостоятельной работы для преподавателей и студентов)
260 ## - Публікація, розповсюдження і т.п. (Вихідні дані)
Місце публікації, розповсюдження і т.п. (П) Киъв
Ім’я/ наймення видавництва, розповсюджувача і т.п. (П) МагIтрS
Дата публікації, розповсюдження і т.п. (П) 1999
300 ## - Фізичний опис
Обсяг 168 с.
650 #7 - Додаткове предметне введення – тематичний термін
Джерело заголовка чи терміна UDC
942 ## - Додаткові елементи входу (Коха)
Тип елемента Koha Книги
955 ## - Код типу видання за змістом
Код типу видання за змістом (НП) інше
Фонди
Стан вилучень Стан втрат Джерело класифікації або схеми стелажів Стан уражень Не для кредиту Постійне місце розташування Поточне розміщення Дата придбання Вартість, звичайна ціна покупки Інвентарний номер Усього замовленно Повний номер виклику Штрих-код Дата останнього перегляду Ціна ефективна від Тип елемента Koha Усього утримується
    Universal Decimal Classification     ЧЗ - Читальна зала ЧЗ - Читальна зала 23/12/2003 10.00 62935   159.98 С30 62935 07/02/2022 23/12/2003 Книги  
    Universal Decimal Classification     ЧЗ - Читальна зала ЧЗ - Читальна зала 23/12/2003 3.00 62936   159.98 С30 62936 07/02/2022 23/12/2003 Книги  
    Universal Decimal Classification     ЧЗ - Читальна зала ЧЗ - Читальна зала 23/12/2003 3.00 62937   159.98 С30 62937 07/02/2022 23/12/2003 Книги 1
    Universal Decimal Classification     ЧЗ - Читальна зала ЧЗ - Читальна зала 23/12/2003 3.00 62938   159.98 С30 62938 07/02/2022 23/12/2003 Книги  
    Universal Decimal Classification     ЧЗ - Читальна зала ЧЗ - Читальна зала 23/12/2003 5.00 62960   159.98 С30 62960 07/02/2022 23/12/2003 Книги